[Event "Mondiale Lampo FIDE 2017"]
[Site "Riyadh"]
[Date "30.12.2017"]
[Round "15.29"]
[White "Cheparinov, Ivan"]
[Black "Onischuk, Vladimir"]
[Result "0-1"]
[WhiteTitle "GM"]
[BlackTitle "GM"]
[WhiteElo "2710"]
[BlackElo "2637"]
[WhiteFideId "2905540"]
[BlackFideId "14114038"]
[EventDate "2017.12.29"]

1. d4 d6 2. Nf3 g6 3. g3 Bg7 4. Bg2 Nf6 5. O-O O-O 6. c4 Nc6 7. Nc3 e5 8. dxe5
dxe5 9. Bg5 Be6 10. Qc1 Qc8 11. Rd1 Nd7 12. Nd5 f6 13. Be3 Nb6 14. Nd2 f5 15.
Nb3 e4 16. Nc5 Bf7 17. f3 exf3 18. exf3 Re8 19. Kh1 Nxc4 20. Bh6 Bxh6 21. Qxh6
Bxd5 22. Rxd5 Nb6 23. Rd2 Re5 24. Rc1 Qe8 25. Rdd1 Rd8 26. Rxd8 Nxd8 27. Qd2 Re2
28. Qc3 Nd5 29. Qd4 Re1+ 30. Rxe1 Qxe1+ 31. Qg1 Qd2 32. f4 c6 33. Bf3 Kf7 34.
Nd7 Qxb2 35. Ne5+ Kg7 36. Qxa7 Nf7 37. Nxf7 Kxf7 38. Bxd5+ cxd5 39. Qc5 Qb1+ 40.
Kg2 Qxa2+ 41. Kh3 Qc4 42. Qb6 Qc6 43. Qd4 h5 44. Qh8 Ke7 45. Qe5+ Kd7 46. Qg7+
Kc8 47. Kh4 b5 48. Kg5 Kb8 49. Qe5+ Kb7 50. Qe7+ Ka6 51. Qa3+ Kb6 52. Qe3+ Kb7
53. Qe7+ Qc7 54. Qb4 Qd7 55. Qd4 Qd6 56. Qg7+ Kc6 57. Qc3+ Kb6 58. Qd4+ Kb7 59.
Qg7+ Kc6 60. Qc3+ Kd7 61. Qd4 b4 62. Qa7+ Kc6 63. Qa6+ Kc5 64. Qa7+ Qb6 65. Qe7+
Qd6 66. Qa7+ Kc4 67. Qa2+ b3 68. Qe2+ Kc5 69. Qe3+ Kc4 70. Qe2+ Kc5 71. Qe3+ d4
72. Qxb3 d3 73. Qc3+ Kb6 74. Qb3+ Kc7 75. Qc4+ Kd8 76. Qg8+ Kd7 77. Kh6 d2 78.
Qf7+ Kc6 79. Qc4+ Qc5 80. Qe6+ Qd6 81. Qc4+ Kb6 82. Qb3+ Ka5 83. Qa2+ Kb5 84.
Qb3+ Qb4 85. Qd5+ Kb6 86. Kxg6 Qc3 87. Kxh5 Qc2 88. Qd6+ Kb5 89. Qd5+ Kb4 90.
Qd4+ Kb3 91. Qd5+ Kb2 92. Qb5+ Kc1 0-1

[Event "Mondiale Lampo FIDE 2017"]
[Site "Riyadh"]
[Date "30.12.2017"]
[Round "15.30"]
[White "Adhiban, Baskaran"]
[Black "Li, Chao b"]
[Result "0-1"]
[WhiteTitle "GM"]
[BlackTitle "GM"]
[WhiteElo "2655"]
[BlackElo "2732"]
[WhiteFideId "5018471"]
[BlackFideId "8604436"]
[EventDate "2017.12.29"]

1. f4 d5 2. Nf3 g6 3. e3 Bg7 4. Be2 b6 5. O-O Bb7 6. Ne5 Nf6 7. d3 Nfd7 8. d4
Nxe5 9. fxe5 O-O 10. Nd2 Nd7 11. Nf3 e6 12. Bd2 c5 13. Be1 Bh6 14. Qd3 a5 15.
Bh4 Qc7 16. Bg5 Bg7 17. Be7 Rfe8 18. Bd6 Qd8 19. Kh1 Bh6 20. c3 f5 21. exf6 Nxf6
22. Bf4 Bg7 23. Ne5 Ne4 24. Qc2 g5 25. Bg3 Nxg3+ 26. hxg3 Bxe5 27. dxe5 Qc7 28.
Bg4 Re7 29. Rf6 Qxe5 30. Raf1 d4 31. cxd4 Qxg3 32. Rxe6 Rae8 33. Rxe7 Rxe7 34.
Bf3 Ba6 35. Bd5+ Kg7 36. Rf3 Qe1+ 37. Kh2 g4 38. Rg3 Bc8 39. dxc5 Rxe3 40. Rxe3
Qxe3 41. Qc3+ Qxc3 42. bxc3 bxc5 43. Kg3 Kf6 44. Kf4 h5 45. g3 Be6 46. Bxe6 Kxe6
47. Kg5 Kd5 48. Kxh5 Kc4 49. Kxg4 Kxc3 50. Kf3 Kb2 51. g4 c4 52. g5 c3 53. g6 c2
54. g7 c1=Q 55. g8=Q a4 56. Qd5 Qh1+ 0-1

[Event "Mondiale Lampo FIDE 2017"]
[Site "Riyadh"]
[Date "30.12.2017"]
[Round "15.31"]
[White "Sjugirov, Sanan"]
[Black "Zhao, Jun"]
[Result "1-0"]
[WhiteTitle "GM"]
[BlackTitle "GM"]
[WhiteElo "2650"]
[BlackElo "2604"]
[WhiteFideId "4189302"]
[BlackFideId "8602522"]
[EventDate "2017.12.29"]

1. d4 Nf6 2. Nf3 e6 3. Bg5 c5 4. e3 b6 5. d5 h6 6. Bxf6 Qxf6 7. Nc3 a6 8. e4 e5
9. a4 d6 10. Nd2 Nd7 11. Nc4 g6 12. g3 Rb8 13. h4 h5 14. Bh3 Bg7 15. Kf1 Qe7 16.
Kg2 O-O 17. Qe2 Nf6 18. Bxc8 Rfxc8 19. Ne3 Ra8 20. Rhb1 Nd7 21. Qd3 Bh6 22. Nc4
Rab8 23. Na3 Ra8 24. Rf1 Rf8 25. Rab1 f5 26. exf5 gxf5 27. Qe2 Qf7 28. Nc4 Qg6
29. Kh2 Rab8 30. Rg1 Nf6 31. f3 Nd7 32. Na3 Ra8 33. Nc4 Kh8 34. Qd3 Kh7 35. Rbf1
Rab8 36. Na3 Ra8 37. Nc4 Rf7 38. Kh1 Rg8 39. Na3 Ra8 40. Nc4 Rg7 41. g4 hxg4 42.
fxg4 fxg4 43. Qxg6+ Rxg6 44. Rf7+ Rg7 45. Rxg7+ Bxg7 46. Rxg4 Nf6 47. Rg1 b5 48.
Nxd6 b4 49. Nce4 Nxd5 50. Nf5 Bh6 51. Rd1 Ne3 52. Rd7+ Kg6 53. Nfg3 Bf4 54. h5+
Kh6 55. Rd6+ Kh7 56. Rd7+ Kh6 57. Rd6+ Kh7 58. h6 c4 59. Nh5 Bxh6 60. Nhf6+ Kg6
61. Ng4+ Kf5 62. Ngf2 Bf4 63. Rf6# 1-0

[Event "Mondiale Lampo FIDE 2017"]
[Site "Riyadh"]
[Date "30.12.2017"]
[Round "15.32"]
[White "Wang, Yue"]
[Black "Dobrov, Vladimir"]
[Result "1-0"]
[WhiteTitle "GM"]
[BlackTitle "GM"]
[WhiteElo "2690"]
[BlackElo "2515"]
[WhiteFideId "8601429"]
[BlackFideId "4136594"]
[EventDate "2017.12.29"]

1. d4 Nf6 2. c4 c5 3. d5 b5 4. cxb5 a6 5. bxa6 g6 6. Nc3 Bxa6 7. e4 Bxf1 8. Kxf1
d6 9. Nf3 Bg7 10. g3 Nbd7 11. Kg2 O-O 12. Qe2 Qa5 13. Bd2 Rfb8 14. b3 Qa6 15.
Rhe1 Qxe2 16. Rxe2 Rxb3 17. axb3 Rxa1 18. e5 dxe5 19. Nxe5 Nb6 20. Nc6 Nfxd5 21.
Nxe7+ Nxe7 22. Rxe7 f5 23. Rb7 Ra6 24. Nb5 Nd5 25. Rd7 Rb6 26. Nd6 Rb8 27. Nxf5
gxf5 28. Rxd5 Bf8 29. Rd3 Kf7 30. Kf3 Ke6 31. Be3 Bd6 32. Rxd6+ 1-0

[Event "Mondiale Lampo FIDE 2017"]
[Site "Riyadh"]
[Date "30.12.2017"]
[Round "15.33"]
[White "Georgiev, Kiril"]
[Black "Kasimdzhanov, Rustam"]
[Result "1/2-1/2"]
[WhiteTitle "GM"]
[BlackTitle "GM"]
[WhiteElo "2623"]
[BlackElo "2683"]
[WhiteFideId "2900017"]
[BlackFideId "14200244"]
[EventDate "2017.12.29"]

1. e4 c5 2. Nf3 e6 3. c3 Nf6 4. e5 Nd5 5. d4 cxd4 6. Qxd4 Nc6 7. Qe4 d6 8. Nbd2
dxe5 9. Nxe5 Bd7 10. Nxd7 Qxd7 11. Nf3 Bc5 12. Bb5 O-O 13. O-O Qc7 14. Ng5 Nf6
15. Qe2 a6 16. Ba4 Rad8 17. Bc2 Rd5 18. Ne4 Be7 19. Bg5 Nxe4 20. Qxe4 g6 21. Be3
Rfd8 22. Rad1 Bc5 23. Rxd5 Rxd5 24. Bxc5 Rxc5 25. Rd1 Re5 26. Qf3 Qb6 27. b4 Qc7
28. Qf6 Ne7 29. Bb3 Nd5 30. Bxd5 Qxc3 31. Rf1 exd5 32. h4 h5 33. a4 Qc7 34. Rd1
Rf5 35. Qb2 Qd6 36. g3 Re5 37. Qd4 Qe7 38. Kg2 Re4 39. Qxd5 Qxb4 40. a5 Kg7 41.
Rd3 Qe7 42. Rf3 Re6 43. Rb3 Re5 44. Qxb7 Qxb7+ 45. Rxb7 Rxa5 46. Ra7 Ra3 47. f3
Kf6 48. g4 hxg4 49. fxg4 a5 50. Ra6+ Kg7 51. Ra7 a4 52. Ra6 f5 53. h5 gxh5 54.
gxf5 Ra1 55. Kh2 a3 56. Kg2 Kf7 57. Kh2 Ke7 58. Kg2 h4 59. Kh2 h3 60. Kxh3 a2
61. Kg2 1/2-1/2

[Event "Mondiale Lampo FIDE 2017"]
[Site "Riyadh"]
[Date "30.12.2017"]
[Round "15.34"]
[White "Anton Guijarro, David"]
[Black "Guseinov, Gadir"]
[Result "0-1"]
[WhiteTitle "GM"]
[BlackTitle "GM"]
[WhiteElo "2666"]
[BlackElo "2646"]
[WhiteFideId "2285525"]
[BlackFideId "13401378"]
[EventDate "2017.12.29"]

1. Nf3 g6 2. e4 c5 3. d4 cxd4 4. Nxd4 Nc6 5. c4 Nf6 6. Nc3 Nxd4 7. Qxd4 d6 8.
Be2 Bg7 9. Be3 O-O 10. Qd3 a5 11. Bd4 a4 12. O-O Qa5 13. f4 Be6 14. f5 Bd7 15.
Kh1 Bc6 16. Nd5 Bxd5 17. exd5 Nd7 18. Bxg7 Kxg7 19. Rad1 Ne5 20. Qe3 f6 21. Rf4
g5 22. Re4 h6 23. h4 Rac8 24. Kh2 Qc5 25. Qg3 Qb4 26. b3 axb3 27. axb3 Ra8 28.
Bh5 Ra3 29. Re3 b5 30. cxb5 Rc8 31. Be2 Ra2 32. Bc4 Rxc4 33. bxc4 Qxc4 34. Rxe5
dxe5 35. hxg5 hxg5 36. b6 Ra8 37. Qf2 Qb3 38. Rc1 Qxd5 39. Qe3 Ra2 40. Qg3 Ra4
41. Qe3 Rg4 42. Qf2 Rf4 43. Qe3 Re4 44. Qf2 Rb4 45. Qe3 Rb2 46. Qh3 Qe4 47. Rc7
Qf4+ 48. Qg3 Kf7 49. b7 e4 50. Kh3 Qxf5+ 51. Kh2 Qf4 52. Kh3 Qxg3+ 53. Kxg3 f5
54. Rc5 e6 55. Rc7+ Kf6 56. Rd7 Ke5 57. Rc7 f4+ 58. Kh3 e3 59. Kg4 Rxg2+ 60. Kf3
Rf2+ 61. Kg4 Rb2 62. Kf3 e2 63. Rc5+ Kf6 0-1

[Event "Mondiale Lampo FIDE 2017"]
[Site "Riyadh"]
[Date "30.12.2017"]
[Round "15.36"]
[White "Ni, Hua"]
[Black "Saric, Ivan"]
[Result "0-1"]
[WhiteTitle "GM"]
[BlackTitle "GM"]
[WhiteElo "2671"]
[BlackElo "2669"]
[WhiteFideId "8601160"]
[BlackFideId "14508150"]
[EventDate "2017.12.29"]

1. d4 Nf6 2. Bf4 g6 3. Nc3 d5 4. Nf3 Bg7 5. e3 O-O 6. h3 c5 7. Be2 Nc6 8. O-O
Bf5 9. Ne5 Rc8 10. Nxc6 Rxc6 11. Be5 a6 12. Bf3 cxd4 13. exd4 e6 14. Re1 g5 15.
Qd2 h6 16. Rac1 b5 17. Ne2 Bg6 18. c3 a5 19. Ng3 Qb6 20. a3 Rfc8 21. Be2 Ne8 22.
Bxg7 Kxg7 23. f4 Qc7 24. Rf1 b4 25. axb4 axb4 26. Bb5 bxc3 27. bxc3 Rxc3 28. Ne2
Rc2 29. Qe3 Nd6 30. Bd3 Bxd3 31. Qxd3 Qc4 32. Qxc2 Qxc2 33. Rxc2 Rxc2 34. Ng3
Kg6 35. fxg5 hxg5 36. Ra1 Rd2 37. Ra4 Nb5 38. Ra8 Nxd4 39. Rg8+ Kh6 40. Kf1 Nc2
41. Rh8+ Kg7 42. Rb8 Ne3+ 43. Ke1 Rxg2 44. Ne2 Rh2 0-1

[Event "Mondiale Lampo FIDE 2017"]
[Site "Riyadh"]
[Date "30.12.2017"]
[Round "15.37"]
[White "Van Foreest, Jorden"]
[Black "Movsesian, Sergei"]
[Result "1-0"]
[WhiteTitle "GM"]
[BlackTitle "GM"]
[WhiteElo "2629"]
[BlackElo "2647"]
[WhiteFideId "1039784"]
[BlackFideId "310204"]
[EventDate "2017.12.29"]

1. e4 d6 2. d4 Nf6 3. Bd3 e5 4. c3 Nc6 5. Nf3 g6 6. O-O Bg7 7. h3 O-O 8. Re1 Nh5
9. Be3 Nf4 10. Bxf4 exf4 11. Na3 Re8 12. Nc4 Bd7 13. Qd2 g5 14. e5 d5 15. Na3 h6
16. Qc2 Be6 17. Nh2 Qd7 18. Rad1 Kh8 19. Qe2 f5 20. exf6 Bxf6 21. Qh5 Bg7 22.
Qg6 Bg8 23. Ng4 Re6 24. Rxe6 Qxe6 25. Nb5 Qxg6 26. Bxg6 Ne7 27. Bd3 a6 28. Re1
axb5 29. Rxe7 Rxa2 30. Rxc7 Rxb2 31. Rxb7 Rb3 32. Rb8 Rxc3 33. Bf5 Rc1+ 34. Kh2
Rc6 35. Ne5 Bxe5 36. dxe5 Kg7 37. Rb7+ Kf8 38. Rb8+ Kg7 39. Rb7+ Kf8 40. Rxb5
Bf7 41. Rb8+ Ke7 42. Rb7+ Kf8 43. Rd7 Ke8 44. h4 Bg6 45. Bh3 gxh4 46. Rxd5 Rc2
47. f3 Bh5 48. Rd3 Ke7 49. Rd7+ Ke8 50. Rd3 Ke7 51. Kg1 Rc1+ 52. Kf2 Rc2+ 53.
Ke1 Be8 54. Rd4 Rc5 55. e6 Re5+ 56. Kf2 Bg6 57. Rxf4 h5 58. Rxh4 Rc5 59. Rb4 Bf5
60. Bxf5 Rxf5 61. Re4 Rg5 62. g3 Ra5 63. Kg2 Ra3 64. f4 Ra1 65. Re5 h4 66. gxh4
Ra4 67. Kg3 1-0

[Event "Mondiale Lampo FIDE 2017"]
[Site "Riyadh"]
[Date "30.12.2017"]
[Round "15.38"]
[White "Howell, David W L"]
[Black "Eljanov, Pavel"]
[Result "1-0"]
[WhiteTitle "GM"]
[BlackTitle "GM"]
[WhiteElo "2676"]
[BlackElo "2711"]
[WhiteFideId "410608"]
[BlackFideId "14102951"]
[EventDate "2017.12.29"]

1. e4 e5 2. Nf3 Nc6 3. d4 exd4 4. Nxd4 Nf6 5. Nxc6 bxc6 6. e5 Qe7 7. Qe2 Nd5 8.
Nd2 g6 9. c4 Nb6 10. Ne4 Bg7 11. Bg5 Qb4+ 12. Qd2 Qxd2+ 13. Kxd2 Bxe5 14. Nf6+
Bxf6 15. Re1+ Kf8 16. Bxf6 Rg8 17. Bd8 d5 18. c5 Nc4+ 19. Kc3 Be6 20. Bxc7 Rc8
21. Bf4 Kg7 22. b3 Na3 23. Ba6 Nb5+ 24. Kb2 g5 25. Bg3 Rcd8 26. a4 Bc8 27. Bxc8 1-0

[Event "Mondiale Lampo FIDE 2017"]
[Site "Riyadh"]
[Date "30.12.2017"]
[Round "15.39"]
[White "Bocharov, Dmitry"]
[Black "Fedorchuk, Sergey A."]
[Result "1-0"]
[WhiteTitle "GM"]
[BlackTitle "GM"]
[WhiteElo "2583"]
[BlackElo "2648"]
[WhiteFideId "4138716"]
[BlackFideId "14102536"]
[EventDate "2017.12.29"]

1. c4 e5 2. d3 Bc5 3. Nf3 d6 4. g3 Nc6 5. Bg2 Nf6 6. a3 a6 7. b4 Ba7 8. O-O O-O
9. Bb2 h6 10. Nc3 Be6 11. Rc1 Qd7 12. e3 Ne7 13. Re1 Ng6 14. Nd2 c6 15. Qe2 Bh3
16. Bh1 Rae8 17. a4 Nh7 18. b5 f5 19. bxc6 bxc6 20. Ba3 Ng5 21. Rb1 f4 22. c5 d5
23. exf4 exf4 24. Qh5 fxg3 25. hxg3 Qf5 26. f3 Rxe1+ 27. Rxe1 Qxd3 28. Ncb1 Bf5
29. Kh2 Bb8 30. Bb2 Qc2 31. Bc3 Bd3 1-0

[Event "Mondiale Lampo FIDE 2017"]
[Site "Riyadh"]
[Date "30.12.2017"]
[Round "15.40"]
[White "Dzhumagaliev, Yan"]
[Black "Almasi, Zoltan"]
[Result "0-1"]
[WhiteTitle "FM"]
[BlackTitle "GM"]
[WhiteElo "2400"]
[BlackElo "2682"]
[WhiteFideId "24100110"]
[BlackFideId "702293"]
[EventDate "2017.12.29"]

1. h4 d5 2. d4 c5 3. dxc5 Nc6 4. h5 h6 5. c4 d4 6. a3 a5 7. e4 e5 8. Bd3 Nf6 9.
Nd2 Nd7 10. Nf1 Nxc5 11. Ng3 a4 12. Nf3 Be7 13. Qe2 Bg4 14. Bd2 Na5 15. Rd1 Nab3
16. O-O Nxd2 17. Rxd2 Bg5 18. Rdd1 O-O 19. Qc2 Bxf3 20. gxf3 Ne6 21. c5 Qc8 22.
Bb5 Qxc5 23. Bxa4 Qe7 24. Bb3 Nf4 25. Qc4 Rac8 26. Qb5 Rc6 27. Nf5 Qf6 28. Bd5
Rb6 29. Qc4 Bh4 30. Kh2 Nxh5 31. Rg1 Bxf2 32. Rg2 Be3 33. b4 Kh7 34. Rg4 Bf4+
35. Kg2 g6 36. Nh4 Bg5 37. Rh1 Nf4+ 38. Kf2 h5 39. Rxg5 Qxg5 40. Kf1 Rf6 41. Qc5
Ra8 42. b5 Nd3 43. Qc2 Rxa3 44. Ba2 Rc3 0-1

[Event "Mondiale Lampo FIDE 2017"]
[Site "Riyadh"]
[Date "30.12.2017"]
[Round "15.41"]
[White "Riazantsev, Alexander"]
[Black "Alekseev, Evgeny"]
[Result "0-1"]
[WhiteTitle "GM"]
[BlackTitle "GM"]
[WhiteElo "2650"]
[BlackElo "2616"]
[WhiteFideId "4125029"]
[BlackFideId "4138147"]
[EventDate "2017.12.29"]

1. d4 e6 2. c4 b6 3. e4 Bb7 4. Bd3 Bb4+ 5. Bd2 Bxd2+ 6. Qxd2 f5 7. Nc3 Nf6 8. f3
Nc6 9. Nge2 fxe4 10. fxe4 e5 11. d5 Ne7 12. O-O O-O 13. Ng3 d6 14. Nf5 Nxf5 15.
exf5 c6 16. dxc6 Bxc6 17. Rad1 Qc7 18. Be2 Rad8 19. Qe3 Rfe8 20. b3 a6 21. Bf3
b5 22. Bd5+ Kf8 23. Rc1 Rc8 24. cxb5 Bxd5 25. bxa6 Qa5 26. a7 Ba8 27. a4 d5 28.
Nb5 d4 29. Qg3 Qd2 30. Rxc8 Rxc8 31. Qxe5 Qxg2# 0-1

[Event "Mondiale Lampo FIDE 2017"]
[Site "Riyadh"]
[Date "30.12.2017"]
[Round "15.42"]
[White "Sanal, Vahap"]
[Black "Demchenko, Anton"]
[Result "0-1"]
[WhiteTitle "GM"]
[BlackTitle "GM"]
[WhiteElo "2551"]
[BlackElo "2660"]
[WhiteFideId "6300545"]
[BlackFideId "4160258"]
[EventDate "2017.12.29"]

1. Nf3 Nf6 2. g3 g6 3. b3 Bg7 4. Bb2 O-O 5. Bg2 d6 6. d4 Nbd7 7. Qd2 Re8 8. Nc3
a6 9. e4 c5 10. O-O cxd4 11. Nxd4 Rb8 12. a4 Ne5 13. f4 Nc6 14. Nce2 Bd7 15. c4
Nxd4 16. Nxd4 e5 17. Ne2 Bc6 18. fxe5 dxe5 19. Qc2 Ng4 20. Rad1 Qe7 21. Nc3 Ne3
22. Qe2 Nxf1 23. Rxf1 b5 24. axb5 axb5 25. Nd5 Qc5+ 26. Kh1 bxc4 27. bxc4 Rb7
28. Bc1 Bxd5 29. exd5 e4 30. Be3 Bd4 31. Bf4 Rb2 32. Qg4 f5 33. Qh4 Qxc4 34. Rd1
Qe2 0-1

[Event "Mondiale Lampo FIDE 2017"]
[Site "Riyadh"]
[Date "30.12.2017"]
[Round "15.43"]
[White "Sargissian, Gabriel"]
[Black "Bosiocic, Marin"]
[Result "0-1"]
[WhiteTitle "GM"]
[BlackTitle "GM"]
[WhiteElo "2672"]
[BlackElo "2624"]
[WhiteFideId "13300881"]
[BlackFideId "14507927"]
[EventDate "2017.12.29"]

1. d4 d5 2. c4 e6 3. Nf3 a6 4. e3 Nf6 5. b3 b6 6. Bb2 Bb7 7. Bd3 Bd6 8. O-O Nbd7
9. Nbd2 Ne4 10. Qc2 f5 11. cxd5 exd5 12. Ne5 O-O 13. f4 c5 14. Ndf3 Ndf6 15.
Rfd1 Rc8 16. Qe2 Ra8 17. dxc5 bxc5 18. Rac1 Qe7 19. Nh4 g6 20. Nhf3 a5 21. Bb5
Rfc8 22. a4 Qe6 23. Ba1 Bf8 24. Ng5 Qe7 25. Ngf3 Bg7 26. Bb2 Qe6 27. Ba1 Rc7 28.
Bb2 Ne8 29. Nd3 Bf8 30. Be5 Rf7 31. Ng5 Nxg5 32. fxg5 Rc8 33. Ba1 Qe4 34. Nf4
Nc7 35. Bd3 Qe8 36. h4 Ne6 37. Qf2 Nxf4 38. exf4 Qc6 39. Bb5 Qb6 40. h5 Re7 41.
hxg6 hxg6 42. Re1 Rcc7 43. Qh4 Rxe1+ 44. Rxe1 c4+ 45. Kf1 Rh7 46. Qg3 cxb3 47.
Re8 Rh1+ 48. Ke2 Rxa1 49. Qc3 Ra2+ 50. Kd3 Qd6 51. Qf6 Qxf6 52. gxf6 Kf7 53. Rb8
Bb4 54. Rxb7+ Kxf6 55. Bc6 Rd2+ 56. Ke3 b2 57. Bxd5 Rxd5 0-1

[Event "Mondiale Lampo FIDE 2017"]
[Site "Riyadh"]
[Date "30.12.2017"]
[Round "15.44"]
[White "Zhigalko, Sergei"]
[Black "Naiditsch, Arkadij"]
[Result "1-0"]
[WhiteTitle "GM"]
[BlackTitle "GM"]
[WhiteElo "2641"]
[BlackElo "2705"]
[WhiteFideId "13502956"]
[BlackFideId "4650891"]
[EventDate "2017.12.29"]

1. e4 c5 2. Nf3 Nc6 3. c3 d6 4. d4 Nf6 5. Bd3 g6 6. h3 Bg7 7. O-O O-O 8. Re1 e5
9. dxc5 d5 10. Nbd2 a5 11. a4 Re8 12. Qc2 h6 13. exd5 Qxd5 14. Bc4 Qxc5 15. Qxg6
Be6 16. Bxe6 Rxe6 17. Qf5 Rae8 18. Ne4 Qe7 19. Be3 Nxe4 20. Qxe4 Rd8 21. Rad1
Rd7 22. Nh4 Rxd1 23. Rxd1 Rd6 24. Rxd6 Qxd6 25. Nf5 Qg6 26. Qg4 Kh7 27. Qxg6+
Kxg6 28. Nd6 e4 29. Nxb7 Bf8 30. Bb6 Kf5 31. Nxa5 Ne5 32. Bd4 Nd3 33. b4 Ke6 34.
Nc4 f5 35. a5 Kd7 36. a6 Kc6 37. Na5+ 1-0

[Event "Mondiale Lampo FIDE 2017"]
[Site "Riyadh"]
[Date "30.12.2017"]
[Round "15.45"]
[White "Short, Nigel D"]
[Black "Rakhmanov, Aleksandr"]
[Result "0-1"]
[WhiteTitle "GM"]
[BlackTitle "GM"]
[WhiteElo "2678"]
[BlackElo "2653"]
[WhiteFideId "400025"]
[BlackFideId "4173708"]
[EventDate "2017.12.29"]

1. e4 c5 2. Nc3 Nc6 3. g3 g6 4. Bg2 Bg7 5. d3 d6 6. Be3 e6 7. Qd2 h6 8. f4 Nge7
9. Nf3 Nd4 10. h4 h5 11. O-O O-O 12. Bf2 Bd7 13. Nxd4 cxd4 14. Ne2 e5 15. c3
dxc3 16. bxc3 Bg4 17. Rab1 b6 18. c4 Rc8 19. Nc3 Qd7 20. Kh2 Kh7 21. Be3 f5 22.
a4 Rf7 23. Rb5 Rcf8 24. a5 bxa5 25. Rxa5 Nc6 26. Ra6 exf4 27. Bxf4 Ne5 28. Nb5
fxe4 29. Rxd6 Qc8 30. Bxe4 Bf5 31. Qe2 Ng4+ 32. Kg2 Re8 33. Rd5 Bf8 34. Qc2
Bxe4+ 35. dxe4 a6 36. Qd3 axb5 37. cxb5 Rb7 38. Bg5 Qe6 39. Rf4 Bg7 40. Bd8 Ra7
41. Qd2 Rxd8 42. Rxd8 Ra2 0-1

[Event "Mondiale Lampo FIDE 2017"]
[Site "Riyadh"]
[Date "30.12.2017"]
[Round "15.46"]
[White "Ponkratov, Pavel"]
[Black "Kovalev, Vladislav"]
[Result "0-1"]
[WhiteTitle "GM"]
[BlackTitle "GM"]
[WhiteElo "2613"]
[BlackElo "2639"]
[WhiteFideId "4157800"]
[BlackFideId "13504398"]
[EventDate "2017.12.29"]

1. d4 Nf6 2. c4 g6 3. Nc3 Bg7 4. Nf3 O-O 5. g3 d6 6. Bg2 Nc6 7. O-O e5 8. e3 Re8
9. b3 Bf5 10. d5 Nb8 11. Nh4 Bg4 12. Qc2 e4 13. Bb2 g5 14. f3 Bc8 15. Nxe4 Nxe4
16. Bxg7 Kxg7 17. fxe4 gxh4 18. Rf4 Nd7 19. Rxh4 Ne5 20. Rf1 Qg5 21. Rhf4 Bd7
22. Qc3 Re7 23. R1f2 b6 24. Bf1 h5 25. Be2 Rh8 26. Qd4 h4 27. g4 h3 28. Kf1 Rh4
29. Ke1 Bxg4 30. Bf1 Bd7 31. Kd2 Kf8 32. Kc3 Ke8 33. Kb2 Kd8 34. Ka3 Qg1 35. b4
Re8 36. c5 Rxf4 37. exf4 Ng4 38. Rd2 Qxd4 39. Rxd4 Nxh2 40. Be2 Ng4 41. c6 Bc8
42. Bf3 h2 43. Rd2 Rh8 44. Bh1 Ke7 45. Ka4 a6 46. b5 a5 47. a3 f5 48. exf5 Kf6
49. Re2 Bxf5 50. Rd2 Re8 51. Bf3 Re3 52. Bxg4 Bxg4 53. Rxh2 Bd1+ 0-1

[Event "Mondiale Lampo FIDE 2017"]
[Site "Riyadh"]
[Date "30.12.2017"]
[Round "15.47"]
[White "Kuzubov, Yuriy"]
[Black "Shytaj, Luca"]
[Result "1-0"]
[WhiteTitle "GM"]
[BlackTitle "IM"]
[WhiteElo "2699"]
[BlackElo "2459"]
[WhiteFideId "14112906"]
[BlackFideId "812633"]
[EventDate "2017.12.29"]

1. d4 Nf6 2. c4 e6 3. Nc3 Bb4 4. e3 O-O 5. Ne2 d5 6. a3 Be7 7. cxd5 exd5 8. Nf4
c6 9. Bd3 Re8 10. O-O Bd6 11. Bc2 Nbd7 12. f3 Nf8 13. e4 dxe4 14. fxe4 Bg4 15.
Qd3 Bxf4 16. Bxf4 Ng6 17. Bg5 Qb6 18. Bxf6 gxf6 19. Na4 Qa5 20. Nc5 b6 21. Nb3
Qg5 22. Rae1 Rad8 23. Kh1 h5 24. h3 Bc8 25. Qf3 Kg7 26. Re3 a5 27. Qf2 h4 28.
Rf3 Rd6 29. e5 fxe5 30. Rxf7+ Kh6 31. Nd2 Rxd4 32. Nf3 Rf4 33. Rh7+ Kxh7 34.
Nxg5+ Kh6 35. Nf7+ Kg7 36. Nd6 Rxf2 37. Nxe8+ Kf8 38. Rxf2+ Kxe8 39. Bxg6+ 1-0

[Event "Mondiale Lampo FIDE 2017"]
[Site "Riyadh"]
[Date "30.12.2017"]
[Round "15.48"]
[White "Salgado Lopez, Ivan"]
[Black "Sethuraman, S.P."]
[Result "1/2-1/2"]
[WhiteTitle "GM"]
[BlackTitle "GM"]
[WhiteElo "2644"]
[BlackElo "2646"]
[WhiteFideId "2257327"]
[BlackFideId "5021596"]
[EventDate "2017.12.29"]

1. Nf3 Nf6 2. b3 c5 3. Bb2 Nc6 4. e3 d5 5. Bb5 Bd7 6. O-O Qc7 7. d3 e6 8. c4 Bd6
9. Nbd2 a6 10. Bxc6 Bxc6 11. cxd5 Nxd5 12. Ne4 Be7 13. Rc1 b6 14. Ne5 O-O 15.
Nxc6 Qxc6 16. Qf3 Qd7 17. d4 cxd4 18. Bxd4 Rac8 19. h3 f6 20. Rfd1 Rfd8 21. Rxc8
Qxc8 22. Qe2 b5 23. Bb2 Nb4 24. Rxd8+ Qxd8 25. Qg4 Kf7 26. Qh5+ Kg8 27. Qg4 Kf7
28. Qh5+ Kg8 29. Qg4 Kf7 30. Qh5+ Kg8 1/2-1/2

[Event "Mondiale Lampo FIDE 2017"]
[Site "Riyadh"]
[Date "30.12.2017"]
[Round "15.49"]
[White "Tregubov, Pavel V."]
[Black "Kokarev, Dmitry"]
[Result "1-0"]
[WhiteTitle "GM"]
[BlackTitle "GM"]
[WhiteElo "2575"]
[BlackElo "2615"]
[WhiteFideId "4115341"]
[BlackFideId "4132181"]
[EventDate "2017.12.29"]

1. d4 Nf6 2. c4 g6 3. g3 c6 4. Bg2 d5 5. Nf3 Bg7 6. O-O O-O 7. Qb3 Qb6 8. Nc3
Rd8 9. c5 Qxb3 10. axb3 Na6 11. Bf4 Ne8 12. Rfd1 Bf5 13. h3 Nac7 14. b4 a6 15.
g4 Be6 16. Ne5 f6 17. Nd3 Bf7 18. e3 g5 19. Bg3 Bg6 20. Na4 Ra7 21. Nb6 Na8 22.
b5 cxb5 23. Nxd5 e6 24. N5b4 Nac7 25. Nc2 Bf8 26. e4 Raa8 27. b4 h5 28. Nc1 Rd7
29. Nb3 Rad8 30. Na5 Na8 31. Nb3 Bg7 32. Ne3 hxg4 33. hxg4 Nac7 34. d5 e5 35.
Na5 Na8 36. c6 bxc6 37. Nxc6 Rc8 38. Rxa6 Nac7 39. Ra7 Nd6 40. f3 Bf8 41. Bf1
Be8 42. Nf5 Nxf5 43. gxf5 Bh5 44. Be2 Be8 45. Bf2 Na8 46. Rxd7 Bxd7 47. Bxb5
Bxb4 48. Ba6 Rxc6 49. dxc6 Bxc6 50. Rd8+ Kg7 51. Rc8 1-0

[Event "Mondiale Lampo FIDE 2017"]
[Site "Riyadh"]
[Date "30.12.2017"]
[Round "15.50"]
[White "Abdyjapar, Asyl"]
[Black "Meier, Georg"]
[Result "0-1"]
[WhiteTitle "IM"]
[BlackTitle "GM"]
[WhiteElo "2382"]
[BlackElo "2650"]
[WhiteFideId "13800337"]
[BlackFideId "4675789"]
[EventDate "2017.12.29"]

1. d4 e6 2. Nf3 Nf6 3. c4 d5 4. Nc3 dxc4 5. e4 Bb4 6. Bg5 h6 7. Bxf6 Qxf6 8.
Bxc4 c5 9. Rc1 cxd4 10. Qxd4 Qxd4 11. Nxd4 Ke7 12. a3 Ba5 13. Ke2 Rd8 14. Rhd1
Bb6 15. Ndb5 Rxd1 16. Rxd1 Nc6 17. Na4 Bd8 18. Nc5 b6 19. Nb3 Ne5 20. Nd2 a6 21.
Nc3 b5 22. Ba2 Bb7 23. f4 Nd7 24. b4 Rc8 25. Kd3 g5 26. g3 Bb6 27. e5 Rd8 28.
Ke2 Nf8 29. fxg5 hxg5 30. Nde4 Rxd1 31. Kxd1 Bd4 32. Kd2 g4 33. Nf6 Bf3 34. Ng8+
Kd8 35. Nh6 Ke8 36. Bb1 Nd7 37. Ne4 Nxe5 38. Ng5 Bd5 39. Be4 Bc4 40. Nh7 f5 41.
Bb7 Bf1 42. Bxa6 Ke7 43. a4 bxa4 44. Bxf1 a3 45. Ke1 0-1